The Terminator quiz - Statistics

General Stats
  • This quiz has been taken 347 times
  • The average score is 10 of 15
Answer Stats
Answer % Correct
Actor for the Terminator Arnold Schwarzenegger
99%
Savior of the war against robots John Connor
95%
Person that was targeted in the first Terminator movie Sarah Connor
94%
Country home to the above Austria
87%
Year the original Terminator was released 1984
84%
Movie that the T-1000 first appear in Terminator 2, Judgement Day
78%
Most famous Terminator model T-800
77%
Company that produces Terminator robots Skynet
74%
Director of the first Terminator movie James Cameron
73%
Father of the above Kyle Reese
64%
City where the Terminator takes place in other movies Los Angeles
61%
Year the Terminator originally arrive from 2029
55%
Item Sarah crushes the Terminator with in the first movie Hydraulic press
35%
City that “Terminator, Dark Fate” takes place in Mexico City
25%
Model appearing in “Terminator 3, Rise of the Machines” T-850
25%
No matching quizzes found
Score Distribution
Percent of People with Each Score
Percentile by Number Answered
Your Score History
You have not taken this quiz